China: (Record no. 213663)

MARC details
000 -LEADER
fixed length control field 00575nam a22001937a 4500
005 - DATE AND TIME OF LATEST TRANSACTION
control field 20251022145224.0
010 ## - LCCN (DPL NO)
LC control number ENG-146977
020 ## - INTERNATIONAL STANDARD BOOK NUMBER
Terms of availability 1680.00
International Standard Book Number 9788198665843
035 ## - SYSTEM CONTROL NUMBER
System control number EN-130509
037 ## - SOURCE OF ACQUISITION
Source of stock number/acquisition DBAD
082 ## - DEWEY DECIMAL CLASSIFICATION NUMBER
Classification number 954.09
100 ## - MAIN ENTRY--PERSONAL NAME
Personal name Ranade, Jayadeva
245 ## - TITLE STATEMENT
Title China:
Remainder of title The Hardening State/
Statement of responsibility, etc Jayadeva Ranade
250 ## - EDITION STATEMENT
Edition statement 1
260 ## - PUBLICATION, DISTRIBUTION, ETC. (IMPRINT)
Place of publication, distribution, etc New Delhi
Name of publisher, distributor, etc KW Publishers Pvt Ltd
Date of publication, distribution, etc 2025
270 ## - ADDRESS
City New Delhi
Address KW Publishers Pvt Ltd;
Postal code 110002
Telephone number 91 1143528107
-- 91 1143528107
300 ## - PHYSICAL DESCRIPTION
Extent 442p.
Dimensions 24cm(hb)
942 ## - ADDED ENTRY ELEMENTS (KOHA)
Source of classification or shelving scheme Dewey Decimal Classification
Item type English Books
Classification part 954.09
Call number suffix RAN
Holdings
Withdrawn status Lost status Not for loan Collection code Home library Current library Date acquired Source of acquisition Cost, normal purchase price Full call number Barcode Copy number Cost, replacement price Koha item type
      Non-fiction RC3 Aruna Nagar RC3 Aruna Nagar 22/10/2025 Delivery of Books Act Division 1680.00 954.09 RAN EN-130509 1 1680.00 English Books

© Delhi Public Library
Hit Counter
free hit counter